000 00426nam a2200145Ia 4500
008 231129s2001||||xx |||||||||||||| ||spa||
020 _a958-04-6215-1
040 _bspa
082 _aB869 M149me
100 _aMachado de Assis Joaquim Marí­a
245 0 _aMemorias póstumas de Bras Cubas
260 _c2001
264 _aBogotá Colombia: Grupo Editorial Norma
942 _2ddc
_cBKS
999 _c20975
_d20975